000 00531nam a22001697a 4500
005 20231124130128.0
008 231124b |||||||| |||| 00| 0 eng d
020 _a9780409127829
041 _aEnglish
082 _a340.1 HIV
100 _lEnglish
245 _aHIV and The Law in South Africa :
_bA Practitioner's Guide /
_cedited by AV Motsepe
260 _aDurban :
_bLexisNexis (Pty) Ltd,
_c2016
300 _bxv, 279 pages ;
_c25 cm.
650 _aLegal practice
_bLaw
942 _cBK
_6ALISON_BN_VRIES
999 _c947
_d947